[Event "Graz op-B"]
[Site "Graz"]
[Date "2006.09.24"]
[Round "9.7"]
[White "Lukas, Wolfgang"]
[Black "Grosse, Manfred"]
[Result "1-0"]
[WhiteElo "1983"]
[BlackElo "1890"]
[PlyCount "73"]
[EventDate "2006.09.16"]
[EventType "swiss"]
[EventRounds "9"]
[EventCountry "AUT"]
[SourceTitle "EXT 2022"]
[Source "ChessBase"]
[SourceDate "2021.10.06"]
[SourceVersion "1"]
[SourceVersionDate "2021.10.06"]
[SourceQuality "1"]

1. e4 c5 2. Nf3 d6 3. d4 cxd4 4. Nxd4 Nf6 5. Nc3 Nc6 6. f3 g6 7. Be3 Bg7 8. Qd2 Bd7 9. 0-0-0 0-0 10. h4 h5 11. Be2 Rc8 12. g4 Ne5 13. Bh6 Nc4 14. Bxc4 Rxc4 15. Bxg7 Kxg7 16. g5 Ne8 17. f4 Bg4 18. Qd3 Bxd1 19. Qxc4 Bg4 20. Nd5 e5 21. Nb5 a6 22. Nbc3 b5 23. Qc6 exf4 24. Nxf4 Qc8 25. Qxc8 Bxc8 26. Ncd5 Bg4 27. Ne3 Bf3 28. Re1 Bxe4 29. Ned5 Bxd5 30. Nxd5 f5 31. Re7+ Rf7 32. Rxe8 f4 33. Re7 Rxe7 34. Nxe7 Kf7 35. Nd5 f3 36. Kd2 Ke6 37. Nf4+ 1-0

[Event "Graz op-B"]
[Site "Graz"]
[Date "2006.09.23"]
[Round "8.9"]
[White "Meixner, Helmut"]
[Black "Lukas, Wolfgang"]
[Result "0-1"]
[WhiteElo "1849"]
[BlackElo "1983"]
[PlyCount "66"]
[EventDate "2006.09.16"]
[EventType "swiss"]
[EventRounds "9"]
[EventCountry "AUT"]
[SourceTitle "EXT 2022"]
[Source "ChessBase"]
[SourceDate "2021.10.06"]
[SourceVersion "1"]
[SourceVersionDate "2021.10.06"]
[SourceQuality "1"]

1. d4 Nf6 2. c4 c5 3. d5 b5 4. cxb5 a6 5. b6 d6 6. Nc3 Nbd7 7. e4 g6 8. Nf3 Bg7 9. Nd2 0-0 10. Be2 Nxb6 11. 0-0 e6 12. Nc4 exd5 13. exd5 Re8 14. Bg5 Nxc4 15. Bxc4 Qb6 16. b3 Bf5 17. Rc1 Ne4 18. Nxe4 Rxe4 19. Re1 Rae8 20. Qd2 Bd4 21. Rxe4 Bxe4 22. Re1 f5 23. Kf1 Re5 24. Bf6 Bxg2+ 25. Kxg2 Rxe1 26. Qxe1 Bxf6 27. Qe6+ Kg7 28. a4 a5 29. Kf3 Qc7 30. Bd3 Be5 31. h3 Qd8 32. Bb5 Qh4 33. Be8 Qe4# 0-1

[Event "Graz op-B"]
[Site "Graz"]
[Date "2004.09.05"]
[Round "2"]
[White "Fischer, Werner1111"]
[Black "Lukas, Wolfgang"]
[Result "0-1"]
[WhiteElo "1791"]
[BlackElo "1958"]
[PlyCount "129"]
[EventDate "2004.09.04"]
[EventType "swiss"]
[EventRounds "9"]
[EventCountry "AUT"]
[SourceTitle "EXT 2006"]
[Source "ChessBase"]
[SourceDate "2005.11.24"]
[SourceVersion "1"]
[SourceVersionDate "2005.11.24"]
[SourceQuality "1"]

1. c4 b6 2. Nc3 e6 3. Nf3 Bb7 4. d4 Bb4 5. Bd2 Nf6 6. e3 0-0 7. Be2 c5 8. a3 Bxc3 9. Bxc3 Ne4 10. Rc1 d5 11. 0-0 Nc6 12. b3 Nxc3 13. Rxc3 Qf6 14. cxd5 exd5 15. Rc2 Qd6 16. dxc5 bxc5 17. Qc1 Na5 18. Nd2 Rac8 19. Rd1 Qe7 20. Bf3 Rfd8 21. Qb2 Nc6 22. Rdc1 Ne5 23. Be2 d4 24. exd4 Qg5 25. f3 Qe3+ 26. Kf1 Nd3 27. Bxd3 Qxd3+ 28. Kf2 Rxd4 29. Nc4 Rcd8 30. Re2 Ba6 31. Rce1 Kf8 32. Ne5 Qf5 33. Nc6 Bxe2 34. Rxe2 Qd7 35. Nxd8 Qxd8 36. Qc3 Qd6 37. Rc2 Rd5 38. b4 cxb4 39. axb4 Qxh2 40. Qc8+ Ke7 41. Qb7+ Ke6 42. Qc6+ Rd6 43. Re2+ Kf6 44. Qe4 g5 45. Qe7+ Kg6 46. Qe4+ Kh6 47. Ra2 Re6 48. Qc4 Qe5 49. g4 Kg7 50. Rc2 h5 51. gxh5 Qh2+ 52. Kf1 Qxh5 53. Qd4+ Kg6 54. Kg2 Qh4 55. Qd3+ Kh6 56. Rc1 Re1 57. Rxe1 Qxe1 58. Qd6+ Qe6 59. Qf8+ Kh7 60. Qc5 a6 61. Qc2+ f5 62. Qc7+ Kg6 63. Qc5 Qe2+ 64. Kg1 Qxf3 65. Qc6+ 0-1

[Event "Graz op-B"]
[Site "Graz"]
[Date "2004.09.04"]
[Round "1"]
[White "Lukas, Wolfgang"]
[Black "Schreiner, Peter"]
[Result "1-0"]
[WhiteElo "1958"]
[BlackElo "1693"]
[PlyCount "37"]
[EventDate "2004.09.04"]
[EventType "swiss"]
[EventRounds "9"]
[EventCountry "AUT"]
[SourceTitle "EXT 2006"]
[Source "ChessBase"]
[SourceDate "2005.11.24"]
[SourceVersion "1"]
[SourceVersionDate "2005.11.24"]
[SourceQuality "1"]

1. e4 c5 2. Nf3 d6 3. d4 cxd4 4. Nxd4 Nf6 5. Nc3 g6 6. Be3 Bg7 7. f3 0-0 8. Qd2 Nc6 9. 0-0-0 Bd7 10. h4 a6 11. h5 b5 12. Nxc6 Bxc6 13. Bh6 Bxh6 14. Qxh6 Qc7 15. Nd5 Bxd5 16. exd5 Rac8 17. Bd3 Rfd8 18. hxg6 b4 19. g7 1-0